00505nam a2200193 a 4500001001300000003000900013005001700022008004100039020001000080082001300090100002000103245004000123260004900163300000900212500003500221505001000256650002500266700002000291nice12345678IN_TiNIC20260116011423.0050524s1946 newa grp 000 0 eng  ac28800a291bJUR aJurji, Edward J aGreat Religions of the Modern World aNew JersybPrinceston University Pressc1946 a387p aincludes index and biblioraphy2 aIndex aComparative Religion1 aJurji, Edward J